Normal view
MARC view
Entry Personal Name
001 - CONTROL NUMBER
- control field: 49502
003 - CONTROL NUMBER IDENTIFIER
- control field: dpl
005 - DATE AND TIME OF LATEST TRANSACTION
- control field: 20120625140348.0
008 - FIXED-LENGTH DATA ELEMENTS
- fixed length control field: 120625|||a|||||| | ||| d
040 ## - CATALOGING SOURCE
- Original cataloging agency: dpl
- Transcribing agency: dpl
100 ## - HEADING--PERSONAL NAME
- Personal name: वंद्योपाध्याय, विभूतिभूषण
670 ## - SOURCE DATA FOUND
- Source citation: Work cat.: (dpl): वंद्योपाध्याय, विभूतिभूषण, नीलम की अंगूठी/, 2012
670 ## - SOURCE DATA FOUND
- Source citation: Work cat.: (dpl): वंद्योपाध्याय, विभूतिभूषण, नीलम की अंगूठी/, 2012
